What to do about hair loss (alopecia).

Bibliographic Details
Corporate Author: National Cancer Institute (U.S.)
Format: Government Document eBook
Language:English
Published: [Bethesda, Md.] : National Cancer Institute, U.S. Dept. of Health and Human Services, National Institutes of Health, [2007]
Series:NIH publication ; no. 07-6104.
Subjects:
Online Access:https://purl.fdlp.gov/GPO/LPS116866

MARC

Tag First Indicator Second Indicator Subfields
LEADER 00000cam a2200000 a 4500
001 in00002531729
005 20211202192521.0
006 m d f
007 cr mn|||||||||
008 091124s2007 mdua s f000 0 eng c
035 |a (OCoLC)ocn469081940 
040 |a GPO  |c GPO  |d MvI  |d UtOrBLW 
042 |a pcc 
049 |a WWW 
074 |a 0507-G-02 (online) 
086 0 |a HE 20.3152:R 11/8/HAIR 
245 0 0 |a What to do about hair loss (alopecia). 
246 1 |i At head of title:  |a Managing radiation therapy side effects 
264 1 |a [Bethesda, Md.] :  |b National Cancer Institute, U.S. Dept. of Health and Human Services, National Institutes of Health,  |c [2007] 
300 |a 1 online resource (2 unnumbered pages) :  |b color illustrations 
336 |a text  |b txt  |2 rdacontent 
337 |a computer  |b c  |2 rdamedia 
338 |a online resource  |b cr  |2 rdacarrier 
490 1 |a NIH publication ;  |v no. 07-6104 
500 |a Title from title screen (viewed Oct. 19, 2009). 
500 |a "Printed April 2007." 
500 |a "F005." 
500 |a Electronic resource. 
650 0 |a Baldness. 
650 0 |a Radiotherapy  |x Complications. 
650 0 |a Cancer  |x Radiotherapy  |x Complications. 
650 0 |a Cancer  |x Treatment  |x Complications. 
710 2 |a National Cancer Institute (U.S.) 
830 0 |a NIH publication ;  |v no. 07-6104. 
856 4 0 |u https://purl.fdlp.gov/GPO/LPS116866  |t 0 
999 |a MARS 
999 f f |s 364e6d8c-704b-3581-b1ab-4704520d20b6  |i a8f55100-edfe-3a69-a164-b2fff587f173  |t 0 
952 f f |a Texas A&M University  |b College Station  |c Electronic Resources  |d Available Online  |t 0  |e HE 20.3152:R 11/8/HAIR  |h Superintendent of Documents classification 
998 f f |a HE 20.3152:R 11/8/HAIR  |t 0  |l Available Online